000 01328nam a2200265Ia 4500
999 _c55164
_d55164
001 22239
003 GE_BSU
005 20230124172530.0
008 181216s2014||||ge |||||||||||||| ||geo||
020 _aISSN 1987-6572
040 _cGE_BSU
041 _ageo
080 _a81'(063) ი-31
245 _aიბერიულ-კავკასიური ენათმეცნიერება XLII 42 /
_cსარედ. კოლ. ა. არაბული, მ. ბერიძე და სხვ. ; მთ. რედ. ვაჟა შენგელია.
264 _aთბილისი :
_bთბილ. უნ-ტის გამ-ბა,
_c2014.
300 _a317 გვ. ;
_c24 სმ.
500 _aპარალელური თავფურცელი ინგლისურ და რუსულ ენებზე
504 _aბიბლიოგრაფია ტექტების ბოლოს
541 _h12 ლ.
653 _aენათმეცნიერება
653 _aიბერიულ-კავკასიური ენათმეცნიერება XLII 42
653 _aქართული ენა
700 _aშენგელია, ვაჟა
_eმთავარი რედაქტორი
_92368
942 _cBK
_2udc